书目信息 |
| 题名: |
王希孟千里江山图
|
|
| 作者: | 王希孟 绘 ;上海书画出版社 编 | |
| 分册: | ||
| 出版信息: | 上海 上海书画出版社 2017 |
|
| 页数: | 71页 | |
| 开本: | 31cm | |
| 丛书名: | 中国绘画名品 | |
| 单 册: | ||
| 中图分类: | J222.441 , J222.44 | |
| 科图分类: | ||
| 主题词: | 山水画--中国--北宋 | |
| 电子资源: | ||
| ISBN: | 978-7-5479-1668-1 | |
| 000 | 01239oam2 2200265 450 | |
| 001 | 2449909759 | |
| 005 | 20240109135546.73 | |
| 010 | @a978-7-5479-1668-1@dCNY 128.00 | |
| 100 | @a20180513d2017 em y0chiy50 ea | |
| 101 | 0 | @achi |
| 102 | @aCN@b310000 | |
| 105 | @aa z 000yy | |
| 200 | 1 | @a王希孟千里江山图@Awang xi meng qian li jiang shan tu@f上海书画出版社 [编] |
| 210 | @a上海@c上海书画出版社@d2017 | |
| 215 | @a71页@c彩图@d31cm | |
| 225 | 2 | @a中国绘画名品@v38 |
| 330 | @a《中国绘画名品》为上海书画出版社继《中国书法名品》后的又一以中国美术史中经典作品为主体的系列丛书,本丛书选取了自魏晋至清末的经典绘画作品,以单幅作品、同画家的作品、同主题的作品、同题材的作品等为个体,预计出版100本。每本均由整幅拉页及分段赏析两部分组成,在分段赏析部分通过文字导读,将绘画中所呈现的情节、技法及绘画背后所蕴含的艺术、历史、文化涵意展现给读者。在行文上分为整图拉页、综述、作者介绍、辑封、作品简述、分段解析、递藏八个部分。本册是《王希孟千里江山图》。 | |
| 410 | 0 | @12001 @a中国绘画名品 |
| 606 | 0 | @a山水画@y中国@z北宋 |
| 690 | @aJ222.441@v5 | |
| 690 | @aJ222.44@v4 | |
| 701 | 0 | @c(北宋)@a王希孟@Awang xi meng@4绘 |
| 712 | 02 | @a上海书画出版社@Ashang hai shu hua chu ban she@4编 |
| 801 | 0 | @aCN@b91MARC@c20180513 |
| 905 | @aBZT@dJ222.44@e4 | |
| 王希孟千里江山图/上海书画出版社 [编].-上海:上海书画出版社,2017 |
| 71页:彩图;31cm.-(中国绘画名品;38) |
| ISBN 978-7-5479-1668-1:CNY 128.00 |
| 《中国绘画名品》为上海书画出版社继《中国书法名品》后的又一以中国美术史中经典作品为主体的系列丛书,本丛书选取了自魏晋至清末的经典绘画作品,以单幅作品、同画家的作品、同主题的作品、同题材的作品等为个体,预计出版100本。每本均由整幅拉页及分段赏析两部分组成,在分段赏析部分通过文字导读,将绘画中所呈现的情节、技法及绘画背后所蕴含的艺术、历史、文化涵意展现给读者。在行文上分为整图拉页、综述、作者介绍、辑封、作品简述、分段解析、递藏八个部分。本册是《王希孟千里江山图》。 |
| ● |
| 相关链接 |
|
|
|
正题名:王希孟千里江山图
索取号:J222.44/4
 
预约/预借
| 序号 | 登录号 | 条形码 | 馆藏地/架位号 | 状态 | 备注 |
| 1 | 2001734432 | 2001734432 | 辽三/辽宁北配(第三批)/4544/ [索取号:J222.44/4] | 在馆 | |
| 2 | 2001734433 | 2001734433 | 辽三/辽宁北配(第三批)/4544/ [索取号:J222.44/4] | 在馆 | |
| 3 | 2001734434 | 2001734434 | 辽三/辽宁北配(第三批)/4544/ [索取号:J222.44/4] | 在馆 | |
| 4 | 2001734435 | 2001734435 | 辽三/辽宁北配(第三批)/4544/ [索取号:J222.44/4] | 在馆 | |
| 5 | 2001734436 | 2001734436 | 辽三/辽宁北配(第三批)/4544/ [索取号:J222.44/4] | 在馆 | |
| 6 | 2001734437 | 2001734437 | 辽三/辽宁北配(第三批)/4544/ [索取号:J222.44/4] | 在馆 |